Basketball WM: All Star Five seit 2000 - Statistiken

Allgemein
  • Dieses Quiz wurde 70 mal gespielt
  • Das Durchschnittsergebnis liegt bei 9 aus 30
Antwortstatistiken
Jahr Nation Spieler % Korrekt
2002 Deutschland Dirk Nowitzki
90%
2023 Deutschland Dennis Schröder
81%
2023 Slowenien Luka Dončić
76%
2006 Spanien Pau Gasol
63%
2014 Spanien Pau Gasol
63%
2019 Spanien Marc Gasol
56%
2023 Kanada Shai Gilgeous-Alexander
52%
2010 USA Kevin Durant
42%
2023 USA Anthony Edwards
40%
2002 Argentinien Manu Ginóbili
40%
2006 Argentinien Manu Ginóbili
40%
2002 China Yao Ming
40%
2019 Serbien Bogdan Bogdanović
39%
2023 Serbien Bogdan Bogdanović
39%
2006 USA Carmelo Anthony
26%
2014 Frankreich Nicolas Batum
19%
2019 Spanien Ricky Rubio
16%
2010 Türkei Hedo Türkoğlu
15%
2014 USA Kyrie Irving
15%
2010 Argentinien Luis Scola
15%
2019 Argentinien Luis Scola
15%
2019 Frankreich Evan Fournier
11%
2010 Serbien Miloš Teodosić
8%
2014 Serbien Miloš Teodosić
8%
2002 Jugoslawien Peja Stojaković
8%
2014 USA Kenneth Faried
3%
2006 Griechenland Theodoros Papaloukas
3%
2006 Spanien Jorge Garbajosa
2%
2010 Litauen Linas Kleiza
0%
2002 Neuseeland Pero Cameron
0%
Keine übereinstimmenden Quizze gefunden
Verteilung der Resultate
Anzahl Personen mit jedem Resultat
Perzentil nach korrekt beantworteten Fragen
Ihre Resultats-Entwicklung
Sie haben dieses Quiz noch nicht gespielt